000 00434nam a2200193Ia 4500
005 20240823040410.0
008 240823s9999||||xx |||||||||||||| ||und||
020 _a978-81-8368-615-0
041 _aTAMIL
082 _A158.2 P7
100 _aSibi K Solomon
245 0 _aPrachinaigalai Theerkalama
250 _a1st
260 _c2007
_bPr
500 _aDISPLAY
650 _aGeneral
_bGeneral
942 _cBK
999 _c203014
_d203014